000 00297nam a22001337a 4500
008 170204b xxu||||| |||| 00| 0 eng d
020 _a9780534080884
041 _aeng
080 _23RD
_a61
100 _a3
101 _aSHM
245 _aINTERVENTION AND REFLECTION
_cMUNSON, R
942 _2udc
_cBK
999 _c4586
_d4586